Services marketing : (Record no. 34632)
[ view plain ]
| 000 -LEADER | |
|---|---|
| fixed length control field | 00489nam a22001697a 4500 |
| 005 - DATE AND TIME OF LATEST TRANSACTION | |
| control field | 20231101122946.0 |
| 008 - FIXED-LENGTH DATA ELEMENTS--GENERAL INFORMATION | |
| fixed length control field | 231024b |||||||| |||| 00| 0 eng d |
| 082 ## - DEWEY DECIMAL CLASSIFICATION NUMBER | |
| Classification number | 658.8 |
| Item number | LOV |
| 100 ## - MAIN ENTRY--AUTHOR | |
| Author Name | Lovelock,Christopher |
| 245 ## - TITLE STATEMENT | |
| Title | Services marketing : |
| Remainder of title | people, technology, strategy / |
| Statement of responsibility, etc. | Christopher Lovelock, Jochen Wirtz, Jayanta Chatterjee. |
| 250 ## - EDITION STATEMENT | |
| Edition statement | 6th ed. |
| 300 ## - PHYSICAL DESCRIPTION | |
| Pages | 625 p. |
| 500 ## - GENERAL NOTE | |
| General note | Include Index |
| 650 ## - SUBJECT ADDED ENTRY--TOPICAL TERM | |
| Subject / Department | Management |
| 700 ## - ADDED ENTRY--PERSONAL NAME | |
| Personal name | Christopher Lovelock |
| 952 ## - LOCATION AND ITEM INFORMATION (KOHA) | |
| -- | 0 |
| -- | 0 |
| Lost status | Damaged status | Collection code | Permanent Location | Current Location | Shelving Location | Date acquired | Full Call Number | Accession No./Barcode | Date last seen | item type | Koha item type |
|---|---|---|---|---|---|---|---|---|---|---|---|
| Management | Superior Information Resource Center (SIRC) Superior University- Central Library | Superior Information Resource Center (SIRC) Superior University- Central Library | Management | 10/24/2023 | 658.8 LOV-S | 20772 | 10/24/2023 | BOOK | BOOK |
